All MELO songs - Statistics

General Stats
  • This quiz has been taken 6 times
  • The average score is 44 of 90
Answer Stats
Hint Answer % Correct
1
100%
BB
100%
GLITTER Crunch Time
100%
e
100%
Emperor Longsleeve
100%
ft. Koira Glo Up
100%
NOIDANKEHÄ HAGLÖFS HAMMERTIME
100%
Ikuisesti
100%
2026. koira, ibe Jeesus
100%
JOHANNES KASTAJA
100%
ft. Paperi T Jumala
100%
Käännä Se Kovemmal
100%
Luut + Ytimet
100%
Stallion Mitä Ikin Käykään
100%
Mitä kummitukset tuppaa tekemään
100%
Oulu
100%
2024 pää eel
100%
2024 paperihaavoi
100%
Pitäkää kii!
100%
Rakkaus Ei Asu Täällä
100%
2025. Cheek Sä Huudat - Unitas Sigma
100%
Sun Tähden*
100%
Täydellinen
100%
Tom Ford
100%
Totuus Sattuu
100%
ft. Turisti Turisti
100%
Vallihauta96
100%
2020 Viaton
100%
Aha, Okei!
50%
Aja mun yli niin et
50%
2024 camouflage
50%
FREDA4EVA ching* ching*
50%
DEEP FAKE WICKERY
50%
EDEN TARINA
50%
EPIC FAIL
50%
GORE-TEX
50%
Heijastus
50%
Kallo2
50%
Kauneuden Eteen Pitää Kärsii
50%
Helena Kohtuuton
50%
2025. ft. ibe KRUUNU
50%
Ksylitol
50%
KUTSU
50%
2019. ft. baka MARIMEKKO
50%
Menetin Mun Mielen
50%
Minä
50%
m<3lon maailma
50%
Moncler
50%
NOIDANKEHÄ OUTRO
50%
Nyt
50%
ONNELLINEN LOPPU
50%
m<3lo Paranoia
50%
Putoan
50%
2025 REHELLISESTI
50%
Se Parhaiten Nauraa Joka Vikana Nauraa
50%
2024 sim
50%
ft. Versace Henrik SLÄTTERIN
50%
2019. ibe TIEN PÄÄL
50%
Varovasti
50%
Yonas
50%
En Antaudu
0%
Enempää
0%
Ihasama
0%
JOKA PÄIVÄ HALLOWEEN
0%
ft. ibe Kaikki
0%
KAIKKI PESTÄÄN POIS
0%
2018 Krush
0%
ft. ibe Kuolleita Kelloja
0%
PASSION INTERLUDE
0%
AKTIVE EP PISTO
0%
Pliiis
0%
PUNAPISTE BALLADI
0%
Rakettiryhmä
0%
RIP
0%
Sä Murskaat Mun Koko Kallon
0%
Matalapaine Shokki
0%
2019. ft. fabe SICKBOY
0%
SMS
0%
2025. TIPPA Suomileijona
0%
SURULLINEN MAAILMA
0%
SWOOSH
0%
ft. Versace Henrik Tajuton
0%
Tappakaa
0%
2018 Tappakaa
0%
Tarpeeks
0%
Thot!
0%
TIIKERI
0%
Uus Sydän
0%
VIELKI MÄ GLEESTYLER
0%
2022. ibe X5
0%
No matching quizzes found
Score Distribution
Percent of People with Each Score
Percentile by Number Answered
Your Score History
You have not taken this quiz